LEADER 01077nam a2200229 i 4500 001 000000179036 003 CaOOAMICUS 005 20090428000000.0 008 090428s1969 it u000 u ita u 013 $a156611 040 $aSeMil$bita 245 13$aLa visita pastorale di Giuseppe Grasser nella diocesi di Treviso (1826-1827) /$ca cura di Luigi Pesce. 260 $aRoma :$bEdizioni di Storia e Letteratura,$c1969. 300 $aLVII, 246 p. ;$c27 cm. 490 0 $aCentro studi per le fonti della storia della Chiesa nel Veneto ;$v2 500 $aContiene : appendici. 700 1 $aPesce, Luigi.$0(OLS)http://semarc/name/10160 830 0$aCentro studi per le fonti della storia della Chiesa nel Veneto ;$v2.$0(OLS)http://semarc/title/27973 850 $aSeMil 852 $aSeMil$W1$xVenegono$y1$m3A VI 36$j129802$B129802$CSeMilBibl$Z2$F141348 $81 996 $6245$aLa visita pastorale di Giuseppe Grasser nella diocesi di Treviso (1826-1827)$9(OLS)http://semarc/title/257128 996 $6260$aRoma :$bEdizioni di Storia e Letteratura$9(OLS)http://semarc/publisher/29779 LEADER 01469nam a2200277 i 4500 001 000000065345 003 CaOOAMICUS 005 20230202125529.0 008 140402s1998 gw u000 u ger u 020 $a3-11-016234-2 040 $aSeMil$bita 100 1 $aSeiler, Stefan.$0(OLS)http://semarc/name/32849 245 14$aDie Geschichte von der Thronfolge Davids (2 Sam 9-20 ; 1 Kön 1-2) :$bUntersuchungen zur Literarkritik und Tendenz /$cStefan Seiler. 260 $aBerlin ; New York :$bWalter de Gruyter,$c1998. 300 $aXV, 364 p. ;$c24 cm. 490 0 $aBeihefte zur Zeitschrift für die alttestamentliche Wissenschaft ;$v267 650 4$aBibbia. Antico Testamento. 1 Re - Commentari, studi, critica, interpretazioni.$0(OLS)http://semarc/subject/25682 650 4$aBibbia. Antico Testamento. 2 Samuele.$0(OLS)http://semarc/subject/9066 830 0$aBeihefte zur Zeitschrift für die alttestamentliche Wissenschaft ;$v267.$0(OLS)http://semarc/title/294 850 $aSeMil 852 $aSeMil$W1$xVenegono$y1$m2XA Q 267$j242386$B31498$CSeMilBibl$Z2$F31501 $81 961 $aAcquisto: Casa editrice 996 $6020$a3-11-016234-2$9(OLS)http://semarc/number/42627 996 $6245$aDie Geschichte von der Thronfolge Davids (2 Sam 9-20 ; 1 Kön 1-2) :$bUntersuchungen zur Literarkritik und Tendenz$9(OLS)http://semarc/title/103686 996 $6260$aBerlin ; New York :$bWalter de Gruyter$9(OLS)http://semarc/publisher/29849